[Event "65.Camp. Veneto Quarti di Finale"]
[Site "Arquà Petrarca ITA"]
[Date "2005.05.15"]
[Round "5.22"]
[White "Bozzao, Francesco"]
[Black "Canazza, Alessandro"]
[Result "0-1"]
[WhiteElo "1715"]
[BlackElo "1733"]
[Annotator "Gabriele Ballarin"]
[PlyCount "103"]
[EventDate "2005.05.07"]
[EventType "swiss"]
[EventRounds "6"]
[EventCountry "ITA"]

1. d4 g6 2. c4 Bg7 3. Nc3 d6 4. e4 Nc6 5. Be3 e5 6. d5 Nce7 7. Bd3 a5 8. Nge2 f5 9. f3 Nf6 10. Qd2 O-O 11. Bh6 f4 12. Bxg7 Kxg7 13. Rc1 Kh8 14. c5 dxc5 15. Nb5 Nd7 16. Qc3 c6 17. d6 cxb5 18. dxe7 Qxe7 19. Bxb5 b6 20. Rd1 Ra7 21. Rd5 Qh4+ 22. g3 fxg3 23. Nxg3 Qf6 24. Rf1 Kg7 25. Ke2 Nb8 26. Qxe5 Qxe5 27. Rxe5 Rd8 28. Rd1 Bd7 29. Bxd7 Raxd7 30. Re7+ Kf6 31. Rexd7 Rxd7 32. Rxd7 Nxd7 33. Nf1 Ne5 34. Ne3 b5 35. f4 Nc6 36. Nd5+ Kf7 37. Kd3 Nd4 38. Nc7 h6 39. Na6 Nf3 40. Nxc5 Nxh2 41. Nb3 h5 42. Nxa5 h4 43. Ke2 h3 44. Kf2 Ng4+ 45. Kg1 Kf6 46. Nc6 g5 47. e5+ Kf5 48. fxg5 Kxg5 49. e6 Nf6 50. Nd4 b4 51. a3 bxa3 52. bxa3 {perchè suonò il cellulare} 0-1

[Event "65.Camp. Veneto Quarti di Finale"]
[Site "Arquà Petrarca ITA"]
[Date "2005.05.15"]
[Round "5.23"]
[White "Morganti, Lionello"]
[Black "Biserni, Federica"]
[Result "1-0"]
[WhiteElo "1667"]
[BlackElo "1422"]
[Annotator "Gabriele Ballarin"]
[PlyCount "65"]
[EventDate "2005.05.07"]
[EventType "swiss"]
[EventRounds "6"]
[EventCountry "ITA"]

1. e4 c6 2. d4 d5 3. Nc3 dxe4 4. Nxe4 Bf5 5. Ng3 Bg6 6. Bc4 Qc7 7. N1e2 e6 8. Bf4 Bd6 9. Bxd6 Qxd6 10. O-O Nd7 11. Re1 Ngf6 12. c3 O-O 13. Qc1 Nd5 14. Bxd5 exd5 15. Nf4 Rfe8 16. Qd2 h6 17. Nxg6 Qxg6 18. Re2 Re6 19. Rae1 Rae8 20. Rxe6 Rxe6 21. Rxe6 Qxe6 22. f3 a5 23. Kf2 Nb6 24. b3 a4 25. Qf4 axb3 26. axb3 g5 27. Qc7 Nd7 28. Qxb7 f5 29. Qc8+ Kf7 30. Qa6 f4 31. Ne2 Qe3+ 32. Ke1 Ke6 33. Qxc6+ 1-0

[Event "65.Camp. Veneto Quarti di Finale"]
[Site "Arquà Petrarca ITA"]
[Date "2005.05.15"]
[Round "5.24"]
[White "De Nardi, Riccardo"]
[Black "Pomaro, Stefano"]
[Result "1-0"]
[WhiteElo "1660"]
[BlackElo "1756"]
[Annotator "Gabriele Ballarin"]
[PlyCount "119"]
[EventDate "2005.05.07"]
[EventType "swiss"]
[EventRounds "6"]
[EventCountry "ITA"]

1. e4 c6 2. d4 d5 3. Nc3 dxe4 4. Nxe4 Nf6 5. Nxf6+ gxf6 6. Nf3 Bg4 7. Be2 Qc7 8. Be3 Nd7 9. Qd3 e6 10. O-O-O O-O-O 11. Qb3 Bd6 12. h3 Bf5 13. Bd3 Bxd3 14. Qxd3 Bf4 15. Bxf4 Qxf4+ 16. Qe3 Qxe3+ 17. fxe3 Rdg8 18. g4 h5 19. Rhg1 hxg4 20. hxg4 Rh3 21. Rdf1 Nb6 22. b3 Nd5 23. Kd2 Kd7 24. c4 Ne7 25. Kd3 Ng6 26. Nd2 Ke7 27. Ne4 Rd8 28. Rxf6 Ne5+ 29. Ke2 Nd7 30. Rxf7+ Kxf7 31. Ng5+ Ke7 32. Nxh3 Nf6 33. Nf2 Rg8 34. g5 Nd7 35. Ne4 Rg6 36. Nf6 a6 37. Nxd7 Kxd7 38. Kf3 Kd6 39. Ke4 c5 40. d5 b5 41. Rg2 a5 42. dxe6 bxc4 43. bxc4 Rxe6+ 44. Kd3 Rg6 45. e4 Ke5 46. Ke3 a4 47. a3 Rb6 48. g6 Rb3+ 49. Ke2 Kxe4 50. g7 Rb2+ 51. Kf1 Rb1+ 52. Kf2 Rb2+ 53. Kg1 Rb1+ 54. Kh2 Rb8 55. g8=Q Rxg8 56. Rxg8 Kd4 57. Ra8 Kxc4 58. Rxa4+ Kb5 59. Ra8 c4 60. Rc8 1-0

[Event "65.Camp. Veneto Quarti di Finale"]
[Site "Arquà Petrarca ITA"]
[Date "2005.05.15"]
[Round "5.25"]
[White "Chiesa, Roberto"]
[Black "Franco, Leopoldo"]
[Result "1/2-1/2"]
[WhiteElo "1685"]
[BlackElo "1468"]
[Annotator "Gabriele Ballarin"]
[PlyCount "134"]
[EventDate "2005.05.07"]
[EventType "swiss"]
[EventRounds "6"]
[EventCountry "ITA"]

1. c4 d5 2. cxd5 Qxd5 3. Nc3 Qd8 4. d4 e6 5. e4 b6 6. Nf3 Bb7 7. Bc4 Nf6 8. e5 Nd5 9. O-O Nxc3 10. bxc3 Nd7 11. Re1 Be7 12. Be3 O-O 13. Nd2 c5 14. Qg4 Bd5 15. Bxd5 exd5 16. Bh6 g6 17. Bxf8 Nxf8 18. f4 h5 19. Qf3 Ne6 20. Nb3 cxd4 21. cxd4 Qd7 22. g3 a5 23. a4 Rd8 24. Qd3 Ng7 25. Rec1 Qg4 26. Ra2 h4 27. Qe2 Qd7 28. g4 f5 29. g5 Kf7 30. Qb5 Qb7 31. Rac2 Ne6 32. Rf1 Rb8 33. Kg2 Qa8 34. Kf3 h3 35. Rc6 Rh8 36. Kg3 Bd8 37. Qxd5 Re8 38. Kxh3 Qa6 39. Qb5 Qb7 40. d5 Nc7 41. Qc4 b5 42. axb5 Kg7 43. Nc5 Qxb5 44. Qxb5 Nxb5 45. Ne6+ Kf7 46. Ra1 Ke7 47. Nxd8 Rxd8 48. d6+ Kd7 49. Rb6 Nd4 50. Rxa5 Rh8+ 51. Kg2 Rc8 52. Ra7+ Ke6 53. Re7+ Kd5 54. Rc7 Ra8 55. Rb2 Ne6 56. Rd2+ Ke4 57. Rc4+ Ke3 58. Rb2 Nxf4+ 59. Rxf4 Kxf4 60. e6 Ke5 61. d7 Kxe6 62. Rd2 Rd8 63. Kf3 Rxd7 64. Rxd7 Kxd7 65. Kf4 Kd6 66. h4 Kd7 67. Ke5 Ke7 1/2-1/2

[Event "65.Camp. Veneto Quarti di Finale"]
[Site "Arquà Petrarca ITA"]
[Date "2005.05.15"]
[Round "5.26"]
[White "Menin, Massimo"]
[Black "Abazi, Rhui"]
[Result "0-1"]
[WhiteElo "1589"]
[BlackElo "1706"]
[Annotator "Gabriele Ballarin"]
[PlyCount "53"]
[EventDate "2005.05.07"]
[EventType "swiss"]
[EventRounds "6"]
[EventCountry "ITA"]

1. e4 e5 2. f4 exf4 3. Nf3 Bc5 4. d4 Bb6 5. Bxf4 Ne7 6. Bd3 d6 7. O-O Bg4 8. c3 O-O 9. e5 Ng6 10. Bg3 dxe5 11. Bxg6 fxg6 12. Qb3+ Kh8 13. Nxe5 Rxf1+ 14. Kxf1 Qf6+ 15. Kg1 Be6 16. Qd1 c5 17. Na3 cxd4 18. cxd4 Nc6 19. Nc2 Nxe5 20. Bxe5 Qxe5 21. Kh1 Qd5 22. a3 Bf5 23. Nb4 Qxd4 24. Qe2 h6 25. Rd1 Qf2 26. Qe7 Kh7 27. Qxb7 0-1

[Event "65.Camp. Veneto Quarti di Finale"]
[Site "Arquà Petrarca ITA"]
[Date "2005.05.14"]
[Round "5.27"]
[White "Reginato, Mauro"]
[Black "Fabrello, Alessandro"]
[Result "1/2-1/2"]
[WhiteElo "1697"]
[BlackElo "1500"]
[Annotator "Gabriele Ballarin"]
[PlyCount "108"]
[EventDate "2005.05.07"]
[EventType "swiss"]
[EventRounds "6"]
[EventCountry "ITA"]

1. e4 e5 2. Nf3 Nc6 3. Bb5 Bc5 4. c3 Nge7 5. d4 exd4 6. cxd4 Bb4+ 7. Bd2 a6 8. Bd3 O-O 9. d5 Bxd2+ 10. Qxd2 Na7 11. Nc3 d6 12. O-O Bg4 13. Qf4 Qd7 14. Nh4 Rae8 15. Nf5 Bh5 16. Qg5 Bg6 17. Rfe1 Kh8 18. h4 Ng8 19. h5 h6 20. Qh4 Bxf5 21. exf5 Qd8 22. Qd4 Nc8 23. Ne4 Nf6 24. Nxf6 Rxe1+ 25. Rxe1 Qxf6 26. Qa4 Nb6 27. Qe4 Nd7 28. Qe7 Rd8 29. Bc2 b5 30. a4 Qxe7 31. Rxe7 Kg8 32. f6 Nxf6 33. Rxc7 Nxd5 34. Ra7 Nf4 35. Rxa6 bxa4 36. Rxa4 Nxh5 37. b4 Nf6 38. b5 Nd5 39. Ra7 Rb8 40. Rd7 Nb4 41. Be4 Kf8 42. Bc6 Nxc6 43. bxc6 Ke8 44. Rxd6 Rc8 45. f4 Ke7 46. Rd7+ Ke6 47. f5+ Kf6 48. c7 g6 49. fxg6 Kxg6 50. Kh2 h5 51. Kh3 f6 52. Kh4 Kf5 53. Rg7 Rf8 54. Rd7 Rc8 1/2-1/2

[Event "65.Camp. Veneto Quarti di Finale"]
[Site "Arquà Petrarca ITA"]
[Date "2005.05.14"]
[Round "5.28"]
[White "Valerio, Gianluca"]
[Black "Alessi, Giovanni"]
[Result "0-1"]
[WhiteElo "1718"]
[BlackElo "1652"]
[Annotator "Gabriele Ballarin"]
[PlyCount "130"]
[EventDate "2005.05.07"]
[EventType "swiss"]
[EventRounds "6"]
[EventCountry "ITA"]

1. c4 e6 2. e4 c5 3. Nc3 a6 4. a4 Nc6 5. d3 d6 6. Nge2 Be7 7. g3 Bd7 8. Bg2 Nf6 9. O-O h5 10. Bg5 Ng8 11. Bxe7 Qxe7 12. d4 h4 13. dxc5 dxc5 14. Nf4 hxg3 15. fxg3 Nf6 16. Nd3 Qd6 17. Nf4 Qd4+ 18. Qxd4 cxd4 19. Nce2 e5 20. Nd5 Nxd5 21. cxd5 Nb4 22. b3 Nc2 23. Rac1 Ne3 24. Rf2 Ke7 25. Rc7 Rab8 26. h4 Rhc8 27. Rxd7+ Kxd7 28. Bh3+ Ke7 29. Bxc8 Rxc8 30. Nxd4 exd4 31. Rd2 Nc2 32. g4 Rc3 33. Kf2 d3 34. h5 Rxb3 35. g5 b5 36. axb5 axb5 37. h6 gxh6 38. gxh6 Kf8 39. d6 Nd4 40. Ra2 Kg8 41. Ke3 Ne6 42. Rf2 d2+ 43. Kxd2 Rb2+ 44. Ke3 Rxf2 45. Kxf2 Kh7 46. Ke3 Kxh6 47. Kd3 Kg6 48. Kc3 Kf6 49. Kb4 Ke5 50. d7 Kxe4 51. Kxb5 Kd5 52. Kb4 Kd6 53. Kc4 Kxd7 54. Kd5 Ke7 55. Ke5 f6+ 56. Kf5 Kf7 57. Kg4 Kg6 58. Kf3 Kg5 59. Kg3 f5 60. Kf3 f4 61. Kg2 Kg4 62. Kf2 f3 63. Kf1 Nf4 64. Kf2 Nh3+ 65. Ke1 Kg3 0-1

[Event "65.Camp. Veneto Quarti di Finale"]
[Site "Arquà Petrarca ITA"]
[Date "2005.05.15"]
[Round "6.1"]
[White "Rossi, Carlo"]
[Black "Giuriati, Paolo"]
[Result "1/2-1/2"]
[WhiteElo "2375"]
[BlackElo "2197"]
[Annotator "Gabriele Ballarin"]
[PlyCount "23"]
[EventDate "2005.05.07"]
[EventType "swiss"]
[EventRounds "6"]
[EventCountry "ITA"]

1. Nf3 Nf6 2. g3 d5 3. Bg2 c6 4. O-O Bf5 5. d3 e6 6. b3 h6 7. Bb2 Be7 8. c4 O-O 9. Nbd2 Nbd7 10. a3 a5 11. Ra2 Re8 12. Qa1 1/2-1/2

[Event "65.Camp. Veneto Quarti di Finale"]
[Site "Arquà Petrarca ITA"]
[Date "2005.05.15"]
[Round "6.2"]
[White "Bonafede, Alessandro"]
[Black "Cacco, Cristian"]
[Result "1/2-1/2"]
[WhiteElo "2095"]
[BlackElo "2300"]
[Annotator "Gabriele Ballarin"]
[PlyCount "26"]
[EventDate "2005.05.07"]
[EventType "swiss"]
[EventRounds "6"]
[EventCountry "ITA"]

1. e4 g6 2. d4 Bg7 3. Nc3 c6 4. f4 d5 5. e5 h5 6. Nf3 Nh6 7. Be3 Bf5 8. Bd3 Nd7 9. Ne2 Nf8 10. h3 Qb6 11. O-O Ne6 12. Bf2 Bxd3 13. Qxd3 Qb5 1/2-1/2

[Event "65.Camp. Veneto Quarti di Finale"]
[Site "Arquà Petrarca ITA"]
[Date "2005.05.15"]
[Round "6.3"]
[White "Opacic, Alexandar"]
[Black "Navarro, Stefano"]
[Result "0-1"]
[WhiteElo "2118"]
[BlackElo "2179"]
[Annotator "Gabriele Ballarin"]
[PlyCount "120"]
[EventDate "2005.05.07"]
[EventType "swiss"]
[EventRounds "6"]
[EventCountry "ITA"]

1. e4 e5 2. Nf3 Nc6 3. Bb5 f5 4. Nc3 fxe4 5. Nxe4 d5 6. Ng3 Bg4 7. h3 Bxf3 8. Qxf3 Nf6 9. d3 Qd6 10. Bd2 O-O-O 11. Bxc6 Qxc6 12. O-O-O Kb8 13. Kb1 Bc5 14. Be3 Rhf8 15. Bxc5 Qxc5 16. Qe3 Qd6 17. Rhe1 Rde8 18. f3 Nd7 19. d4 Qg6 20. Qf2 e4 21. f4 Qd6 22. Ne2 g6 23. g3 h5 24. Qg2 Rf7 25. a3 Nf8 26. Nc1 Ne6 27. h4 Ng7 28. Re2 Rfe7 29. Qh3 Nf5 30. Nb3 b6 31. c3 Qc6 32. Nc1 Qa4 33. Rde1 Qc6 34. Rc2 Qd6 35. Ne2 Ne3 36. Rd2 Qc6 37. Nc1 Nf5 38. Na2 Qe6 39. Qg2 Kb7 40. Nb4 Nd6 41. Rde2 Qf7 42. Nc2 Nf5 43. Ne3 Qe6 44. Rc1 Rd8 45. Rd1 c5 46. dxc5 bxc5 47. Nc4 Nd6 48. Ne5 Nf7 49. Nxf7 Qxf7 50. c4 d4 51. Rde1 Rde8 52. Kc1 Qf5 53. b4 cxb4 54. axb4 d3 55. Ra2 Qf6 56. Kb1 Qd4 57. Rc1 Rd7 58. c5 d2 59. Rd1 Qd3+ 60. Rc2 Qb3+ 0-1

[Event "65.Camp. Veneto Quarti di Finale"]
[Site "Arquà Petrarca ITA"]
[Date "2005.05.15"]
[Round "6.4"]
[White "Luciani, Valerio"]
[Black "Rossato, Armando"]
[Result "1-0"]
[WhiteElo "2241"]
[BlackElo "2079"]
[Annotator "Gabriele Ballarin"]
[PlyCount "85"]
[EventDate "2005.05.07"]
[EventType "swiss"]
[EventRounds "6"]
[EventCountry "ITA"]

1. d4 Nf6 2. c4 c5 3. d5 g6 4. Nc3 Bg7 5. e4 d6 6. Bd3 O-O 7. Nge2 Na6 8. f3 Nc7 9. Be3 Rb8 10. Rb1 e6 11. O-O exd5 12. cxd5 b5 13. b4 c4 14. Bc2 a6 15. Nd4 Bd7 16. Qd2 Re8 17. a4 Qe7 18. Bf2 Qf8 19. a5 Bh6 20. f4 Ng4 21. Bg3 Bg7 22. h3 Nh6 23. Rbe1 f5 24. e5 Kh8 25. e6 Bc8 26. Bd1 Ng8 27. Bf3 Ne7 28. Bf2 Bb7 29. Nde2 Rbc8 30. Be3 Kg8 31. g4 Bf6 32. g5 Bg7 33. Rd1 Na8 34. Qe1 Rc7 35. h4 Rec8 36. Rf2 Re8 37. Rh2 Rcc8 38. h5 Rc7 39. Qh4 Bh8 40. Kf2 Bc8 41. Qh3 Rb7 42. hxg6 Nxg6 43. Bh5 1-0

[Event "65.Camp. Veneto Quarti di Finale"]
[Site "Arquà Petrarca ITA"]
[Date "2005.05.15"]
[Round "6.5"]
[White "Castellano, Alfonso"]
[Black "Alberton, Roberto"]
[Result "1/2-1/2"]
[WhiteElo "1913"]
[BlackElo "2120"]
[Annotator "Gabriele Ballarin"]
[PlyCount "55"]
[EventDate "2005.05.07"]
[EventType "swiss"]
[EventRounds "6"]
[EventCountry "ITA"]

1. c4 Nf6 2. Nc3 e6 3. g3 d5 4. Nf3 d4 5. Nb5 Nc6 6. d3 a6 7. Na3 e5 8. Nc2 Bg4 9. Bg2 Rb8 10. O-O Qd7 11. Re1 Be7 12. b3 O-O 13. Bb2 Bh3 14. Bh1 Ng4 15. Qd2 Qf5 16. e3 dxe3 17. Nxe3 Nxe3 18. Qxe3 Bf6 19. Bc3 Rbd8 20. Rad1 Bg4 21. Rd2 Rd7 22. h4 h6 23. Nh2 Qg6 24. Nxg4 Qxg4 25. Kh2 Nd4 26. Bxd4 exd4 27. Qe2 Qxe2 28. Rdxe2 1/2-1/2

[Event "65.Camp. Veneto Quarti di Finale"]
[Site "Arquà Petrarca ITA"]
[Date "2005.05.15"]
[Round "6.6"]
[White "Solinas, Carlo"]
[Black "Sgaravatti, Francesco"]
[Result "0-1"]
[WhiteElo "2067"]
[BlackElo "2141"]
[Annotator "Gabriele Ballarin"]
[PlyCount "74"]
[EventDate "2005.05.07"]
[EventType "swiss"]
[EventRounds "6"]
[EventCountry "ITA"]

1. e4 c5 2. d4 cxd4 3. c3 dxc3 4. Nxc3 Nc6 5. Nf3 e6 6. Bc4 a6 7. O-O Nge7 8. Bg5 b5 9. Bxb5 axb5 10. Nxb5 d5 11. Bf4 Ba6 12. Bc7 Bxb5 13. Bxd8 Rxd8 14. e5 Bxf1 15. Qxf1 g6 16. Qb5 Bh6 17. Qc5 d4 18. b4 Rd5 19. Qc4 O-O 20. Rd1 Rfd8 21. b5 Na7 22. a4 d3 23. h4 Nf5 24. Ng5 Rc8 25. Qe4 d2 26. b6 Nc6 27. Qc4 Nfe7 28. Ne4 Na5 29. Nf6+ Kg7 30. Qb4 Nec6 31. b7 Rcd8 32. Qb6 Rd4 33. Qc7 Rb4 34. b8=Q Rbxb8 35. g4 Bf4 36. h5 Rb7 37. h6+ Bxh6 0-1

[Event "65.Camp. Veneto Quarti di Finale"]
[Site "Arquà Petrarca ITA"]
[Date "2005.05.15"]
[Round "6.7"]
[White "Pechy, Alaster"]
[Black "Pomaro, Alberto"]
[Result "1/2-1/2"]
[WhiteElo "2179"]
[BlackElo "1880"]
[Annotator "Gabriele Ballarin"]
[PlyCount "80"]
[EventDate "2005.05.07"]
[EventType "swiss"]
[EventRounds "6"]
[EventCountry "ITA"]

1. d4 Nf6 2. c4 g6 3. Nc3 Bg7 4. e4 d6 5. f3 O-O 6. Be3 Nc6 7. Nge2 e5 8. d5 Ne7 9. Qd2 Ne8 10. g4 f5 11. gxf5 gxf5 12. O-O-O f4 13. Bf2 Bd7 14. Kb1 a6 15. c5 Nf6 16. Nc1 Ng6 17. Nb3 Qe7 18. Rc1 Rfe8 19. cxd6 cxd6 20. Na5 b5 21. Nc6 Qf7 22. Ne2 Rac8 23. Na5 Rxc1+ 24. Nxc1 Rc8 25. Ncb3 Bf8 26. Be2 Be7 27. Rc1 Qe8 28. Qe1 Kh8 29. Bf1 Kg7 30. Bg2 Kh8 31. Qf1 Rxc1+ 32. Nxc1 Qc8 33. Ncb3 Kg7 34. Qe1 Kh8 35. Bf1 Be8 36. Qd1 Kg7 37. Na1 Bd8 38. N1b3 Be7 39. Qd2 Bd8 40. Qb4 Be7 1/2-1/2

[Event "65.Camp. Veneto Quarti di Finale"]
[Site "Arquà Petrarca ITA"]
[Date "2005.05.15"]
[Round "6.8"]
[White "Forato, Enrico"]
[Black "Quaranta, Cristiano"]
[Result "0-1"]
[WhiteElo "1971"]
[BlackElo "2072"]
[Annotator "Gabriele Ballarin"]
[PlyCount "58"]
[EventDate "2005.05.07"]
[EventType "swiss"]
[EventRounds "6"]
[EventCountry "ITA"]

1. e4 c5 2. Nf3 d6 3. d4 cxd4 4. Nxd4 Nf6 5. Nc3 a6 6. Be2 e6 7. f4 Be7 8. O-O Nc6 9. Be3 O-O 10. f5 Nxd4 11. Bxd4 Bd7 12. g4 Bc6 13. Bf3 h6 14. a4 b5 15. axb5 axb5 16. e5 Rxa1 17. Qxa1 dxe5 18. Bxe5 Bxf3 19. Rxf3 Nxg4 20. Bg3 exf5 21. h3 b4 22. hxg4 bxc3 23. gxf5 Qb6+ 24. Bf2 cxb2 25. Qb1 Bc5 26. Bxc5 Qxc5+ 27. Kg2 Rb8 28. Rb3 Rxb3 29. cxb3 Qc1 0-1

[Event "65.Camp. Veneto Quarti di Finale"]
[Site "Arquà Petrarca ITA"]
[Date "2005.05.15"]
[Round "6.9"]
[White "Demiraj, Rumi"]
[Black "De Napoli, Giuseppe"]
[Result "1/2-1/2"]
[WhiteElo "1901"]
[BlackElo "2062"]
[Annotator "Gabriele Ballarin"]
[PlyCount "136"]
[EventDate "2005.05.07"]
[EventType "swiss"]
[EventRounds "6"]
[EventCountry "ITA"]

1. e4 e5 2. Nf3 Nc6 3. Bb5 a6 4. Bxc6 dxc6 5. O-O f6 6. d4 exd4 7. Nxd4 c5 8. Nb3 Qxd1 9. Rxd1 Bd7 10. Be3 b6 11. Nc3 O-O-O 12. a4 a5 13. Nd5 Bc6 14. c4 Ne7 15. f3 Ng6 16. Nd2 Bd6 17. b3 Kb7 18. Nf1 Bxd5 19. cxd5 Ne7 20. Bf2 Be5 21. Rdc1 h5 22. Ne3 Bd4 23. Nc4 Bxf2+ 24. Kxf2 Nc8 25. h4 Nd6 26. Re1 Rde8 27. Re2 Re7 28. Rae1 Rhe8 29. Nd2 c6 30. Nc4 Kc7 31. Nxd6 Kxd6 32. dxc6 Kxc6 33. f4 Rd7 34. Kf3 Rd4 35. Rc2 Rd3+ 36. Re3 Rd1 37. Rcc3 Rh1 38. g3 Rh2 39. Rcd3 g5 40. hxg5 fxg5 41. e5 gxf4 42. Rd6+ Kc7 43. gxf4 Rh3+ 44. Ke4 Rxe3+ 45. Kxe3 Rh8 46. Rd1 h4 47. Ke4 h3 48. Rh1 h2 49. f5 Kd8 50. f6 Rh5 51. e6 Ke8 52. Kf4 Kf8 53. Kg4 Re5 54. Rxh2 Rxe6 55. Kf5 Re3 56. Rh8+ Kf7 57. Rh7+ Kf8 58. Rh8+ Kf7 59. Rh7+ Kg8 60. Rg7+ Kf8 61. Rb7 Rxb3 62. Ke6 Re3+ 63. Kd6 Rd3+ 64. Ke6 Re3+ 65. Kd6 Rb3 66. Ke6 Re3+ 67. Kd6 Rd3+ 68. Ke6 Re3+ 1/2-1/2

[Event "65.Camp. Veneto Quarti di Finale"]
[Site "Arquà Petrarca ITA"]
[Date "2005.05.15"]
[Round "6.10"]
[White "Belloni, Umberto"]
[Black "Mileto, Gabriele"]
[Result "1/2-1/2"]
[WhiteElo "1950"]
[BlackElo "2198"]
[Annotator "Gabriele Ballarin"]
[PlyCount "58"]
[EventDate "2005.05.07"]
[EventType "swiss"]
[EventRounds "6"]
[EventCountry "ITA"]

1. e4 e6 2. d4 d5 3. exd5 exd5 4. Bd3 Nc6 5. c3 Bd6 6. Ne2 Nf6 7. Bg5 O-O 8. Qc2 h6 9. Bh4 Re8 10. Nd2 Be7 11. O-O Ne4 12. Bxe7 Qxe7 13. Rae1 Nxd2 14. Qxd2 Qd6 15. Qf4 Qd8 16. Ng3 Be6 17. Re2 Qd7 18. Rfe1 Re7 19. Nh5 Rae8 20. f3 Nd8 21. Nf6+ gxf6 22. Qxh6 Nc6 23. Qxf6 Bf5 24. Qg5+ Bg6 25. Bxg6 fxg6 26. Qxg6+ Kf8 27. Qf6+ Kg8 28. Qg6+ Kf8 29. Qf6+ Kg8 1/2-1/2

[Event "65.Camp. Veneto Quarti di Finale"]
[Site "Arquà Petrarca ITA"]
[Date "2005.05.15"]
[Round "6.11"]
[White "Zanirato, Stefano"]
[Black "Cedriano, Filippo"]
[Result "0-1"]
[WhiteElo "1738"]
[BlackElo "2043"]
[Annotator "Gabriele Ballarin"]
[PlyCount "86"]
[EventDate "2005.05.07"]
[EventType "swiss"]
[EventRounds "6"]
[EventCountry "ITA"]

1. Nf3 g6 2. c3 Bg7 3. d3 d5 4. Qc2 e5 5. e4 Ne7 6. Be2 O-O 7. O-O c5 8. Be3 d4 9. cxd4 cxd4 10. Bd2 Nbc6 11. Na3 h6 12. Rac1 Be6 13. b4 a6 14. Nc4 b5 15. Nb2 Rc8 16. Qb1 f5 17. Rc5 Qd6 18. Rfc1 Na7 19. a4 Rxc5 20. Rxc5 Rc8 21. Qc1 Rxc5 22. bxc5 Qc6 23. Bxh6 fxe4 24. dxe4 bxa4 25. Bxg7 Kxg7 26. Ng5 Bg8 27. Nd3 Qb5 28. Nf4 Qb3 29. Nd3 a3 30. Nf3 a2 31. Nb2 Qc3 32. Qa1 Qxc5 33. h4 Nb5 34. Ne1 Nc3 35. Bxa6 Nxe4 36. Bd3 Nc3 37. f3 Nf5 38. Bxf5 gxf5 39. Ned3 Ne2+ 40. Kh2 Qc2 41. Qe1 e4 42. Qa5 exd3 43. Qa7+ Kf8 0-1

[Event "65.Camp. Veneto Quarti di Finale"]
[Site "Arquà Petrarca ITA"]
[Date "2005.05.15"]
[Round "6.12"]
[White "Guclu, Yaman"]
[Black "Giuriato, Sergio"]
[Result "1-0"]
[WhiteElo "2023"]
[BlackElo "2002"]
[Annotator "Gabriele Ballarin"]
[PlyCount "79"]
[EventDate "2005.05.07"]
[EventType "swiss"]
[EventRounds "6"]
[EventCountry "ITA"]

1. d4 Nf6 2. c4 e6 3. Nf3 Bb4+ 4. Nbd2 O-O 5. g3 c5 6. Bg2 cxd4 7. Nxd4 Nc6 8. Nc2 Be7 9. O-O d5 10. b3 Bd7 11. Bb2 Rc8 12. Rc1 Qc7 13. Bxf6 Bxf6 14. cxd5 exd5 15. Bxd5 Bh3 16. Bg2 Bxg2 17. Kxg2 Rfd8 18. Ne3 Qa5 19. Rc2 Ne7 20. Ndc4 Qh5 21. Rd2 Nc6 22. Nd5 b5 23. Nxf6+ gxf6 24. Nd6 Rb8 25. Rd5 Qg4 26. e4 Qe6 27. Re1 Nb4 28. Rd4 Nxa2 29. Nf5 Rxd4 30. Qg4+ Kf8 31. Qg7+ Ke8 32. Nxd4 Qb6 33. Qg8+ Ke7 34. Qxb8 Qxd4 35. Qb7+ Kf8 36. Qd5 Qb6 37. Rd1 Kg7 38. Qd2 Qe6 39. Qxa2 Qxe4+ 40. Kg1 1-0

[Event "65.Camp. Veneto Quarti di Finale"]
[Site "Arquà Petrarca ITA"]
[Date "2005.05.15"]
[Round "6.13"]
[White "Pezzolato, Michele"]
[Black "Danieli, Enrico"]
[Result "0-1"]
[WhiteElo "1775"]
[BlackElo "2163"]
[Annotator "Gabriele Ballarin"]
[PlyCount "54"]
[EventDate "2005.05.07"]
[EventType "swiss"]
[EventRounds "6"]
[EventCountry "ITA"]

1. e4 d5 2. d4 c6 3. Nc3 dxe4 4. Nxe4 Nf6 5. Ng3 g6 6. Nf3 Bg7 7. Bc4 O-O 8. O-O Bg4 9. c3 Nbd7 10. Re1 Re8 11. Qb3 e6 12. Ne5 Nxe5 13. dxe5 Nd7 14. h3 Bf5 15. Nxf5 gxf5 16. Bf4 Qc7 17. g4 fxg4 18. hxg4 Bxe5 19. Rxe5 Nxe5 20. Kg2 Qa5 21. Bxe5 Qxe5 22. Qc2 Qf4 23. f3 Qxc4 24. Rh1 f5 25. gxf5 exf5 26. Qxf5 Qe2+ 27. Kg1 Re7 0-1

[Event "65.Camp. Veneto Quarti di Finale"]
[Site "Arquà Petrarca ITA"]
[Date "2005.05.15"]
[Round "6.14"]
[White "Quaranta, Gaetano"]
[Black "Zangrando, Gianpietro"]
[Result "1/2-1/2"]
[WhiteElo "1589"]
[BlackElo "1897"]
[Annotator "Gabriele Ballarin"]
[PlyCount "90"]
[EventDate "2005.05.07"]
[EventType "swiss"]
[EventRounds "6"]
[EventCountry "ITA"]

1. e4 e6 2. d4 d5 3. e5 c5 4. c3 Nc6 5. Nf3 Qb6 6. Bd3 cxd4 7. cxd4 Bd7 8. O-O Nb4 9. Nc3 Nxd3 10. Qxd3 Ne7 11. Re1 Ng6 12. Be3 Be7 13. Rec1 O-O 14. Rc2 Rfc8 15. Rac1 Qd8 16. a3 a6 17. h3 Bc6 18. Nd2 Kh8 19. f4 f5 20. Nf3 Nh4 21. Bf2 Nxf3+ 22. Qxf3 Be8 23. Be3 Rc4 24. g4 Bg6 25. g5 Rac8 26. h4 Qe8 27. Rh2 Bh5 28. Qg3 g6 29. Rhc2 b5 30. Qf2 Qd8 31. Qd2 Qd7 32. Kf2 b4 33. axb4 Bxb4 34. Qd3 a5 35. Kg3 Kg7 36. b3 Rxc3 37. Rxc3 Rxc3 38. Rxc3 Be2 39. Qc2 Bxc3 40. Qxc3 Bd1 41. Bd2 Qb7 42. Qxa5 Qxb3+ 43. Bc3 Qb1 44. Qc5 Ba4 45. Bb4 Qg1+ 1/2-1/2

[Event "65.Camp. Veneto Quarti di Finale"]
[Site "Arquà Petrarca ITA"]
[Date "2005.05.15"]
[Round "6.15"]
[White "Lavric, Mihail"]
[Black "Rosina, Graziano"]
[Result "1-0"]
[WhiteElo "2046"]
[BlackElo "1476"]
[Annotator "Gabriele Ballarin"]
[PlyCount "59"]
[EventDate "2005.05.07"]
[EventType "swiss"]
[EventRounds "6"]
[EventCountry "ITA"]

1. d4 d5 2. c4 c6 3. Nc3 Nf6 4. Nf3 e6 5. e3 Be7 6. Bd3 dxc4 7. Bxc4 O-O 8. O-O Qc7 9. Qe2 Nbd7 10. h3 Nd5 11. Bd3 N7f6 12. Bd2 Bd6 13. Rac1 Qe7 14. Ng5 e5 15. Nxd5 cxd5 16. dxe5 Qxe5 17. f4 Qe7 18. Bc3 Ne4 19. Nxe4 dxe4 20. Bb1 Re8 21. Qh5 f5 22. Bd4 Bd7 23. a3 Be6 24. Rc3 Rac8 25. Rxc8 Rxc8 26. Bxa7 Bc5 27. Bxc5 Qxc5 28. Re1 Qb5 29. Bxe4 fxe4 30. Qxb5 1-0

[Event "65.Camp. Veneto Quarti di Finale"]
[Site "Arquà Petrarca ITA"]
[Date "2005.05.15"]
[Round "6.16"]
[White "Mocellin, Gianfranco"]
[Black "Ferrari, Mario"]
[Result "0-1"]
[WhiteElo "1793"]
[BlackElo "1735"]
[Annotator "Gabriele Ballarin"]
[PlyCount "101"]
[EventDate "2005.05.07"]
[EventType "swiss"]
[EventRounds "6"]
[EventCountry "ITA"]

1. e4 e6 2. f4 Nf6 3. d3 Bc5 4. Nf3 Nc6 5. Nc3 Nd4 6. Nxd4 Bxd4 7. Ne2 Bb6 8. Ng3 h5 9. h3 d6 10. Qf3 Bd7 11. c3 Bc6 12. h4 g6 13. d4 Ng4 14. Bd3 Qe7 15. Be3 O-O-O 16. a4 a5 17. O-O Qxh4 18. Rfe1 Qh2+ 19. Kf1 Qh4 20. Ke2 Qe7 21. b4 e5 22. Bb5 h4 23. Qxg4+ f5 24. exf5 Bxb5+ 25. axb5 Kb8 26. bxa5 exd4 27. Nf1 Bc5 28. a6 dxe3 29. axb7 Qe4 30. Rec1 gxf5 31. Qf3 Rde8 32. Qxe4 fxe4 33. Ra8+ Kxb7 34. Rxe8 Rxe8 35. Nxe3 Rg8 36. g4 hxg3 37. Rg1 Kc8 38. Rg2 Kd7 39. c4 Ke6 40. Nd5 Rg7 41. Ne3 Kf6 42. Kd2 Bxe3+ 43. Kxe3 Kf5 44. Ke2 Kxf4 45. Kf1 Kf3 46. Kg1 e3 47. Ra2 Rf7 48. Ra3 Rf4 49. Rc3 Rd4 50. Rc1 Rd2 51. Kh1 0-1